Introducción a la teoría de la estadística
Saved in:
| Main Authors: | , |
|---|---|
| Format: | Bog |
| Sprog: | spansk |
| Udgivet: |
Madrid
Aguilar
1969
|
| Udgivelse: | 4a. ed |
| Serier: | Colección Ciencia y Técnica. Sección Matemáticas y Estadísticas
|
| Fag: | |
| Tags: |
Tilføj Tag
Ingen Tags, Vær først til at tagge denne postø!
|
MARC
| LEADER | 00000nam a2200000 a 4500 | ||
|---|---|---|---|
| 001 | UCV4509 | ||
| 003 | CL-VaPUC | ||
| 008 | 930831e19690000SP |||||||||||||||||spa|d | ||
| 082 | 0 | 4 | |a 519.5 |b MOO |2 21 |
| 100 | |a Mood, Alexander McFarlane |e autor |9 355267 | ||
| 700 | |a Graybill, Franklin A |e author |9 424770 | ||
| 245 | 1 | 0 | |a Introducción a la teoría de la estadística |
| 250 | |a 4a. ed | ||
| 300 | |a 536 p | ||
| 942 | |c BK | ||
| 945 | |d 19930831 00:00:00 | ||
| 260 | |a Madrid |b Aguilar |c 1969 | ||
| 650 | 0 | |a Estadística matemática |9 260028 | |
| 583 | |a last modification |c 20160104 00:44:07 |k Rodrigo Vera | ||
| 490 | 0 | |a Colección Ciencia y Técnica. Sección Matemáticas y Estadísticas | |
| 999 | |c 211306 |d 211304 | ||
| 952 | |0 0 |1 0 |2 ddc |4 0 |6 519_500000000000000_MOO_1969 |7 0 |8 A |9 190174 |a BIBCUR |b BIBCUR |c PAC |d 2019-11-14 |i 178885K |o 519.5 MOO 1969 |p 178885K |r 2025-04-22 |w 2019-11-14 |y BK |k BCB | ||
| 952 | |0 0 |1 0 |4 0 |6 519_500000000000000_MOO_1969 |7 0 |8 A |9 190185 |a BIBGIM |b BIBGIM |d 2019-11-14 |i 1984667 |l 1 |o 519.5 MOO 1969 |p 1984667 |r 2025-01-15 |s 2024-03-27 |w 2019-11-14 |y BK |k COM | ||
| 952 | |0 0 |1 0 |4 0 |6 519_500000000000000_MOO_1969 |7 0 |8 A |9 190186 |a BIBENE |b BIBENE |d 2019-11-14 |i 1402021 |o 519.5 MOO 1969 |p 1402021 |r 2025-01-15 |w 2019-11-14 |y BK |k ICO | ||
| 952 | |0 0 |1 0 |4 0 |6 519_500000000000000_MOO_1969 |7 0 |8 A |9 190187 |a BIBENE |b BIBENE |d 2019-11-14 |i 1402072 |o 519.5 MOO 1969 |p 1402072 |r 2025-01-15 |w 2019-11-14 |y BK |k ICO | ||
| 952 | |0 0 |1 0 |4 0 |6 519_500000000000000_MOO_1969 |7 0 |8 A |9 190188 |a BIBMAT |b BIBMAT |d 2019-11-14 |i 1351311 |o 519.5 MOO 1969 |p 1351311 |r 2025-01-07 |w 2019-11-14 |y BK |k MAT | ||
| 952 | |0 0 |1 0 |4 0 |6 519_500000000000000_MOO_1969 |7 0 |8 A |9 190189 |a BIBMAT |b BIBMAT |d 2019-11-14 |i 135132K |l 1 |o 519.5 MOO 1969 |p 135132K |r 2025-01-07 |s 2024-04-30 |w 2019-11-14 |y BK |k MAT | ||